000 00838nam a2200241 a 4500
005 20090525152213.0
008 070816s2008 nyua b 001 0 eng
010 _aENG-93716
020 _a9788190556903
_c600.00
035 _aEN-77249
037 _bDBAD / PUB
040 _adpl
_bEnglish
082 _a323
245 _aHuman rights and information technology /
_cedited by C.R. Jambekar
260 _aNew Delhi
_bKanchan Publishing House
_c2008
270 _aWZ-52/45, Ravi Nagar,
_bNew Delhi
_e110018
300 _a207p.
_c22cm(Hb)
650 _aCivil rights.
650 _aInformation technology.
700 _aJambekar, C.R.
942 _2ddc
_cEN
_mHUM
_h323
999 _c26776
_d26776